000 00555cab a2200193 4500
001 ABS39626
008 090401t1988 xxu||||| |||| 00| 0 eng d
035 _a(Sirsi) u17835
041 _aeng
100 _aSlavid, R.
245 _aObstacles to success in land reclamation
260 _c1988
350 _a0
490 _aConstruction News
_v(6075) 18 August 1988, 14(1)
520 _aDiscusses the obstacles to be overcome with land reclamation the main one being the build up of methane .
690 _aLAND
942 _n0
948 _c04/03/1997
999 _c11829
_d11829